000 02769agaaa2200361 4500
001 5425
003 IT-RoPAU
005 20220918181225.0
007 d cvaizq
008 50131s9999||||xx ||| | || ||und||
040 _aIT-RoPAU
_cIT-RoPAU
041 _aITALIANO
100 _aScorsese Martin
_gCodice regista SPICS: 1404
_937655
130 _aMARTIN SCORSESE - VIAGGIO NEL CINEMA AMERICANO
_937656
240 _aPERSONAL JOUNEY WITH MARTIN SCORSESE THROUGH AMERICAN MOVIES (A)
_gT3483
245 _aMARTIN SCORSESE - VIAGGIO NEL CINEMA AMERICANO
_cProdotto da: Dauman Florence -- Sceneggiatura: Scorsese Martin Wilson Michael Henry -- Diretto da: Scorsese Martin
_pMARTIN SCORSESE - VIAGGIO NEL CINEMA AMERICANO (Rif. Codice opera principale : H5425)
246 _aPERSONAL JOUNEY WITH MARTIN SCORSESE THROUGH AMERICAN MOVIES (A)
250 _aEdizione Standard
260 _a(USA - UK)
_bBFI TV - CHANNEL FOUR TELEV. - MIRAMAX - MUSE / Distribuzione: CIAK
_g"1995 (1° ed.: 2005 ; Ed. Lingua Orig.: 1995)"
300 _aDVD
_bsonoro, col.
_c224 minuti
508 _a"Fotografia: Reid F. Schreiber N; Montaggio: Levis K. Lindblom D.; Musica: Bernstein Elmer; Sceneggiatura: Scorsese Martin Wilson Michael Henry; Soggetto: Scorsese Martin -- Wilson Michael"
511 _a"Capra Frank; Cassavetes John; Coppola Francis; Ford; De; Palma Brian; Eastwood Clint; ."
520 _a"DOCUMENTARIO TV. UNO STRAORDINARIO VIAGGIO ATTRAVERSO I GENERI, I CAPOLAVORI E LE LEGGENDE DEL CINEMA DI HOLLYWOOD. DA KEATON A KUBRICK, DA WELLES ACOPPOLA, UN SECOLO DI CINEMA AMERICANO RIVISITATO DAL GRANDE MARTIN SCORSESE. UN AVVINCENTE RACCONTO SULLA PIU' GRANDE E FOLGORANTE INDUSTRIA DEI SOGNI. CAP. 1: INTRODUZIONE; IL DILEMMA DEL REGISTA; IL REGISTA COME NARRATORE; IL WESTERN; IL FILM GANGSTER; IL MUSICAL. CAP. II: IL REGISTA COME ILLUSIONISTA. CAP. 3: IL REGISTA IMBROGLIONE; IL REGISTA COME ICONOCLASTA; CONCLUSIONE. AUTORI PRESI IN ESAME: FRANK CAPRA; JOHN CASSAVETES; FRANCIS FORD COPPOLA; BRIAN DE PALMA; ANDRE DE TOTH; CLINT EASTWOOD; JOHN FORD; SAMUEL FULLER; HOWARD HAWKS; ELIA KAZAN; FRITZ LANG; GEORGE LUCAS; GREGORY PECK; ARTHUR PENN; NICHOLAS RAY; DOUGLAS SIRK; KING VIDOR; ORSON WELLES; BILLY WILDER."
538 _aPAL, STEREO
546 _aITALIANO
650 _aDOCUMENTARIO
_eDVD-VARI [DVD]
_xCodice MATERIA SPICS: 9946
_937657
700 _aBernstein Elmer
_e(musica)
_gCodice Musica SPICS: 10759
_937658
700 _aScorsese Martin
_e(regista)
_gCodice regista SPICS: 1404
_937659
700 _aScorsese Martin
_e(soggetto)
_gCodice Soggetto SPICS: 1404
_937660
700 _aWilson Michael
_e(soggetto)
_gCodice Soggetto 2° SPICS: 443
_937661
700 _aWilson Michael
_e(regista)
_gCodice secondo regista SPICS: 443
_937662
942 _cDV
_2ddc
999 _c104786
_d104786